000 00996nam a2200277 a 4500
001 BRCA_1790
005 20190320203542.0
008 960814s1995 mx-a---##b---#000-0#spa-#
020 _a9687279125
020 _a9682983606
040 _aDLC
_cDLC
_dDLC
050 4 _aND2646
_b.M87 1995
245 1 0 _aLos murales del Palacio de Bellas Artes
_ctextos Teresa del Conde ... [et al.] ; fotografía Enrique Bostelman.
260 _aMéxico
_bAmérico Arte : INBA
_c1995
300 _a213 p.
_bil. a color
_c33 cm.
500 _aColección Sonia Corcuera de Mancera
504 _aIncluye referencias bibliográficas
610 2 4 _aPalacio de Bellas Artes
_vExposiciones
_zMéxico
_95580
650 1 4 _aPintura mural mexicana
_vExposiciones
_ySiglo XX
_zMéxico
_95581
650 1 4 _aProblemas sociales en el arte
_vExposiciones
_95582
651 4 _aMéxico
_vExposiciones
_xEn el arte
_92334
700 1 _aConde, Teresa del
_93779
700 1 _aBostelman, Enrique
_95583
902 _aDSC
942 _2lcc
_cB
999 _c1572
_d1572